Policejní křeček /
Lehce napínavý příběh o přátelství kluka Jirky a křečka Bruna. Bruno není totiž jen tak obyčejný křeček, má pro strach uděláno a mluví lidskou řečí.
Uloženo v:
| Série: | Policejní křeček Bruno,
část 1 |
|---|---|
| Hlavní autor: | |
| Další autoři: | |
| Médium: | E-kniha |
| Jazyk: | Czech |
| Vydáno: |
V Praze :
Albatros,
2019
|
| Vydání: | 2. vydání |
| Edice: | Druhé čtení (Albatros)
Už si čteme sami |
| Témata: | |
| Příbuzné jednotky: | Z cyklu::
Policejní křeček Bruno |
| Tagy: |
Žádné tagy |
| LEADER | 02865nam a2200517 i 4500 | ||
|---|---|---|---|
| 001 | 311067 | ||
| 003 | CZ PrSKC | ||
| 005 | 20260601215659.0 | ||
| 007 | ta | ||
| 008 | 190527s2019 xr a b 000 j cze | ||
| 015 | |a cnb003097392 | ||
| 020 | |a 9788000054353 |q (vázáno) : |c Kč 199,00 | ||
| 035 | |a (OCoLC)1107847221 | ||
| 040 | |a ABG001 |b cze |e rda | ||
| 072 | 7 | |a 821.162.3-3 |x Česká próza |2 Konspekt | |
| 072 | 7 | |a 821-93 |x Literatura pro děti a mládež (beletrie) |2 Konspekt | |
| 080 | |a 821.162.3-32 |2 MRF | ||
| 080 | |a 821-93 |2 MRF | ||
| 080 | |a (0:82-32) |2 MRF | ||
| 100 | 1 | |a Krolupperová, Daniela, |d 1969- |7 xx0012658 |4 aut | |
| 245 | 1 | 0 | |a Policejní křeček / |c Daniela Krolupperová ; ilustrovala Eva Sýkorová-Pekárková |
| 250 | |a 2. vydání | ||
| 264 | 1 | |a V Praze : |b Albatros, |c 2019 | |
| 300 | |a 57 stran : |b barevné ilustrace ; |c 21 cm | ||
| 336 | |a text |b txt |2 rdacontent | ||
| 336 | |a statický obraz |b sti |2 rdacontent | ||
| 337 | |a bez média |b n |2 rdamedia | ||
| 338 | |a svazek |b nc |2 rdacarrier | ||
| 490 | 1 | |a Druhé čtení | |
| 490 | 1 | |a Už si čteme sami | |
| 520 | 2 | |a Lehce napínavý příběh o přátelství kluka Jirky a křečka Bruna. Bruno není totiž jen tak obyčejný křeček, má pro strach uděláno a mluví lidskou řečí. |b Jirka už chodí do druhé třídy a právě se mu narodila sestřička. Jirka se ale těšil na brášku. Co s holkou, s tou se nedá ani pořádně mluvit a fotbal nebo autíčka ji stejně nezajímají. A tak Jirka uprosí dědečka a pořídí si zvířecího kamaráda křečka Bruna. Jirka mu doma připraví parádní terárium s probíhačkami. Jednoho dne však křeček Bruno Jirku ohromí, když začne docela normálně mluvit. Zvídavý Bruno chce poznat Jirkovu školu i vše, co se děje venku, a nebude to dlouho trvat a z drobného hlodavce se stane postrach místní bandy zlodějů. | |
| 521 | 8 | |a Pro čtenáře od 7 let | |
| 655 | 7 | |a české příběhy |7 fd133973 |2 czenas | |
| 655 | 7 | |a publikace pro děti |7 fd133156 |2 czenas | |
| 655 | 9 | |a Czech stories |2 eczenas | |
| 655 | 9 | |a children's literature |2 eczenas | |
| 700 | 1 | |a Sýkorová-Pekárková, Eva, |d 1958- |7 jn99240001169 |4 ill | |
| 787 | 0 | 8 | |i Z cyklu: |t Policejní křeček Bruno |g 1 |
| 830 | 0 | |a Druhé čtení (Albatros) | |
| 830 | 0 | |a Už si čteme sami | |
| 900 | |a ABA001 |b 20 | ||
| 928 | 9 | |a Albatros Media - Albatros | |
| 044 | |a xr | ||
| 910 | |a RBIT002 | ||
| 998 | |d 185882 |a https://core.palmknihy.cz/api/books/185882/cover?tf0smm |b https://core.palmknihy.cz/api/books/185882/cover/400?tf0smm |c https://core.palmknihy.cz/api/books/185882/cover/50?tf0smm |e 2033-12-31 |g 60 |i 9788000054353 |j https://core.palmknihy.cz/api/books/185882/preview.epub |k https://core.palmknihy.cz/api/books/185882/preview.pdf |l |q 49 |r 1 |s https://www.palmknihy.cz/kniha/185882 |t ebook |y 2019 |z 0 |v Policejní křeček Bruno |w 1 | ||
| 999 | |d 311065 | ||